00711 2200241 4500001002100000005001700021008004100038020001800079035002400097040001200121082001500133084002100148100001500169245011700184250001100301260004600312300003900358500001100397650001100408700001700419850001200436990002100448INLIS00000000002394220161104105552.0  a979-8681-19-3 0010-111600000000196 aYOPDYOG 223a791.53 aDEP 791.53 Her W aHERSAPANDI aWayang wong sriwedarib: dari seni istana menjadi seni komersialc/ Hersapandi; editor, Andi Setiono...[et.all]. aCet. 1 aYogyakartabYayasan Untuk Indonesiac1999 axxxii, 278 hlm.b: ilus.c; 21 cm. aIndeks aWayang aAndi Setiono aYOPDYOG aCB-D.11/1999-416